Anagrammi dei Calciatori - Quiz n°49 - Statistics

Statistiche generali
  • Questo quiz è stato fatto 14 volte
  • Il punteggio medio è 4 su 10
Statistiche sulle risposte
Anagramma Calciatore % Corretto
mssaies Messias
92%
tama Mata
83%
dofen Foden
75%
rüeoag Agüero
50%
iclpiu Pulici
42%
basleil Baselli
33%
kvloamiyins Malinovskyi
33%
riganu Guarin
17%
rhcecaiesnc Carnesecchi
0%
cmrncaaeo Maccarone
0%
Nessun quiz corrispondente trovato
Distribuzione punteggi
Percentuale di utenti per punteggio
Percentile per numero di risposta
I tuoi punteggi nel tempo
Non hai fatto questo quiz